000 00639 a2200193 4500
001 61971
005 20260407155912.0
008 260407a1963 arg spa d
003 AR-UNSa-BCEJYS
040 _aAR-UNSa-BCEJYS
_bspa
_cAR-UNSa-BCEJYS
080 _a347.736
_xQuiebra. Insolvencia. Suspensión de pagos. Bancarrota, procedimientos. Derecho Concursal
245 1 0 _aLa Ley de quiebras Nº 11.719
_pComentada, concordada y anotada
264 1 _aBuenos Aires :
_bVíctor P. de Zavalía
_c1963
300 _a366 p.
_c24 cm.
041 _aspa
942 _cBK
590 _aniveau_biblio:m niveau_hierar:0
100 1 _aLoza, Eufracio R.
999 _c7511
_d7511